K problematice hospodářských styků mezi ČSSR a EHS

Enregistré dans:
Détails bibliographiques
Auteur principal: Nacku, Vlastislava
Autres auteurs: Zemanová, Rudolfína
Format: Livre
Langue:tchèque
Publié: Praha Československá obchodní a průmyslová komora 1986
Collection:Československé hospodářství a mezinárodní obchod
Tags: Ajouter un tag
Pas de tags, Soyez le premier à ajouter un tag!

MARC

LEADER 00000nam a2200000 4500
001 c023994
005 20250515081211.7
041 0 |a cze 
044 |a CZ 
245 1 0 |a K problematice hospodářských styků mezi ČSSR a EHS  |c Vlastislava Nacku, Rudolfína Zemanová 
264 1 |a Praha  |b Československá obchodní a průmyslová komora  |c 1986 
300 |a 143 s. 
490 1 |a Československé hospodářství a mezinárodní obchod 
830 0 |a Československé hospodářství a mezinárodní obchod 
100 1 |a Nacku, Vlastislava 
700 1 |a Zemanová, Rudolfína